000 00973nam a2200217Ia 4500
003 Ost
005 20260507075639.0
008 260507s9999||||xx |||||||||||||| ||und||
040 _cfsecg
041 _aara
082 _a657
100 _aالصبان، محمد سمير
_eمؤلف
245 0 _aالمحاسبة المتوسطة :
_bالمفاهيم ومعايير القياس والإفصاح المحاسبي /
_c محمد سمير الصبان
260 _aالإسكندرية:
_bالدار الجامعية,
_c1998
300 _a404 صفحة؛
_bإيضاحات ؛
_c24 سم
520 _aيتناول هذا الكتاب بعض موضوعات المحاسبة المتوسطة وقد تم تقسيم هذا الكتاب إلى ثلاث مداخل بالإضافة إلى تمارين في المحاسبة
653 _aالقياس
653 _aالمحاسبة
700 _aأحمد، أبو الحسن علي
_eمؤلف ثانوي
942 _cكتاب
999 _c45359
_d45359